01286nam a2200241Ia 4500001001100000003001000011008004100021040002500062041001300087100002900100245005300129250001100182260009200193300002700285500018300312501011400495520018300609650003400792942000700826957000600833999004300839952016200882L240-12211IT-CnALBA170116s9999||||xx |||||||||||||| ||und|| aIT-CnALBAcIT-CnALBA aITALIANO aFRANCO SECONDO, D.C.D.G. 0aGLI ESERCIZI SPIRITUALI DI S. IGNAZIO. VOL. II.  a1a ed. a FIRENZEbSAN GIUSEPPE TIPOGR. - TORINO c1892 [1° Ed.:1892 - Ed.Ling.Originale: 1892] a448 p. (prefazione: 5) aVITA PUBBLICA DI GESÙ. MISSIONE. MORTE RISURREZIONE. TRASFIGURAZIONE. PASSIONE. APPARIZIONI DEL RISORTO AGLI APOSTOLI. ASCENSIONE. CONTEMPLAZIONE. DISCERNIMENTO DEGLI SPIRITI.  aSocietà San Paolo EM - Piazza San Paolo, 14 - 12051 ALBA (CN) (non commercial uses only) ® Copyright 2017 aVITA PUBBLICA DI GESÙ. MISSIONE. MORTE RISURREZIONE. TRASFIGURAZIONE. PASSIONE. APPARIZIONI DEL RISORTO AGLI APOSTOLI. ASCENSIONE. CONTEMPLAZIONE. DISCERNIMENTO DEGLI SPIRITI.  aTEOLOGIA SPIRITUALE CRISTIANA cBK 71 a16964bSI g Copie: 1 c271388d271388 0010406L_2401221171aALBAbALBAd2017-01-16l0oL240-12211r2017-01-16 00:00:00w2017-01-16yBKz(data import: 16 gennaio 2017) - By Epidotti, Vaglietti.